| 000 | 00852nam a2200253 a 4500 | ||
|---|---|---|---|
| 001 | 000007568 | ||
| 003 | DO-SdBNP | ||
| 005 | 20250219074027.0 | ||
| 008 | 090909s2005 dr ac 001 0cspa d | ||
| 020 | _a9945100068 | ||
| 040 |
_aDO-SdBNP _bspa _cBNPHU |
||
| 082 | 4 |
_a928.61 _bP438Lr _222 |
|
| 100 | 1 |
_aPérez, Isael, _d1961- _91414 |
|
| 245 | 1 | 0 |
_aEscritores de la provincia La Romana / _cIsael Pérez. |
| 260 |
_aSanto Domingo : _bBúho, _c2005. |
||
| 300 |
_a128 p. : _bil.; retrs ; _c23 cm. |
||
| 590 | _aInventariado, 2022/MFF | ||
| 650 | 4 |
_aAutores dominicanos _9230 _vBiografías |
|
| 651 | 4 |
_aLa Romana (República Dominicana) _921004 _vBiografías |
|
| 651 | 4 |
_aLa Romana (República Dominicana) _xVida intelectual _921005 |
|
| 700 | 1 |
_aJarvis Luis, Rafael, _epról. _921006 |
|
| 910 | _aValidado. Control de calidad MFF | ||
| 942 |
_2ddc _cLBS1 |
||
| 999 |
_c7349 _d7349 |
||